Do kapsy

Titel: Do kapsy : malý česko-německý jazykový průvodce pro setkání mládeže = Für die Hosentasche : ein kleiner deutsch-tschechischer Sprachführer für Jugendbegegnungen / Tandem, Koordinierungszentrum Deutsch-Tschechischer Jugendaustausch. [Autor/-innen Hansjürgen Karl ; Kateřina Karl-Brejchová]
Beteiligt:
Körperschaft:
Ausgabe: 10., völlig überarb. Aufl.
Veröffentlicht: Regensburg : Tandem, [2010]
Umfang: 154 S. : Ill., graph. Darst., Kt. ; 15 cm
Format: Buch
Sprache: Deutsch; Tschechisch
Schlagworte:
ISBN: 9783925628559
Buchumschlag
X
Lokale Klassifikation: 62 15 F ; 62 10 C ; 62 10 B
alg: 22814653
001A    $06000:21-10-10 
001B    $06055:18-03-26 $t19:11:47.000 
001D    $06000:21-10-10 
001U    $0utf8 
001X    $00 
002@    $0Aaxaf 
003@    $0228146534 
003O    $0671373310 $aOCoLC 
004A    $A978-3-925628-55-9 $fkart. 
006G    $0100688128X 
006U    $010,B42 $f20100914 
007A    $0100688128X $aDNB 
007G    $0DE020226CFF2938C4863CC12578D300424DA4 
007T    $0Herdhh228146534 
009P    $qapplication/pdf $A2 $3Inhaltsverzeichnis $uhttp://scans.hebis.de/HEBCGI/show.pl?22814653_toc.pdf $mV:DE-603;B:DE-Mb50 
010@    $ager $acze 
011@    $a2010 $n[2010] 
013D    $REinführung $RFührer $#Conversation and phrase books $#Vocabulaires et manuels de conversation $D20251120 $Ecgmnf $74130010-5 $8Sprachführer [Ts1] $9085458066 
015@    $00 
017A    $asf 
021A    $aDo kapsy $dmalý česko-německý jazykový průvodce pro setkání mládeže $fFür die Hosentasche $fein kleiner deutsch-tschechischer Sprachführer für Jugendbegegnungen $hTandem, Koordinierungszentrum Deutsch-Tschechischer Jugendaustausch. [Autor/-innen Hansjürgen Karl ; Kateřina Karl-Brejchová] 
027A/01 $aFür die Hosentasche 
028C    $7 $8Karl, Hansjürgen [Tnd] $9159373611 
029F    $RKoordinačni centrum česko-německých výměn mládeže $RTandem $#Koordinierungszentrum Deutsch-Tschechischer Jugendaustausch - Tandem $#Tandem, Büro Regensburg Organisation $#Tandem, Koordinierungszentrum Deutsch-Tschechischer Jugendaustausch Organisation $710010653-5 $8Koordinierungszentrum Deutsch-Tschechischer Jugendaustausch [Tb1] $9094104689 
032@    $a10., völlig überarb. Aufl. 
033A    $pRegensburg $nTandem 
034D    $a154 S. 
034I    $a15 cm 
034M    $aIll., graph. Darst., Kt. 
044K    $RWestslawische Sprachen $#Czech language $#Tchèque (langue) $#Lingua ceca $#Lengua checa $#Tschechisch $#Tschechische Sprache $D20251120 $Ecgmnf $74061084-6 $8Tschechisch [Ts1] $9085169617 
044K    $#Languages, Modern $#Langues vivantes $#Lingue straniere $#Fremdsprache $#Fremdsprache $#Fremdsprache $#Zweitsprache $D20251120 $Ecgmnf $74018424-9 $8Fremdsprache [Ts1] $9085043575 
044K    $RTschechin $#Czechs $#Tchèques $#Tschechen $#Tscheche $#Tschechen $#Czechs $D20251120 $Ecgmnf $74061083-4 $8Tschechen [Ts1] $9085169609 
044K    $RSüdgermanische Sprachen $#German language $#Allemand (langue) $#Neuhochdeutsch $#Deutsche Sprache $#Hochdeutsch $D20251120 $Ecgmnf $74113292-0 $8Deutsch [Tsz] $9085334081 
045E    $c490 
045F    $a491.8683431 $eDDC22ger 
045F/01 $a491.86 
045F/03 $k834 
045F/03 $m31 
045G    $a370.943 $eDDC23BSB 
045G/01 $a370.9 
045G/03 $g43 
045G/03 $g437 
045H    $a400 $eDDC23BSB 
045H/01 $a400 
045H/03 $g43 
045H/03 $g437 

lok: 22814653 24
101B    $024-11-10 $t13:25:18.000 
101C    $019-11-10 
101U    $0utf8 
145Z/01 $a62 15 F 
145Z/02 $a62 10 C 
145Z/03 $a62 10 B 

exp: 22814653 24 1 #EPN
201B/01 $024-11-10 $t13:25:18.000 
201C/01 $008-10-10 
201U/01 $0utf8 
203@/01 $0599948760 
208@/01 $a19-11-10 $bz 
209A/01 $a10.6003 $du $f050 $h10 6003 $x00 
209C/01 $a10.6003 K $h10 6003 K 
209G/01 $a70984474 $x00 
220C/01 $awar/hae 
247C/01 $8358050-7 Marburg, Bibliothek des Herder-Instituts Marburg $9102600961 

lok: 22814653 78

exp: 22814653 78 1 #EPN
201B/01 $026-11-17 $t00:28:13.000 
201U/01 $0utf8 
203@/01 $0793024528 
208@/01 $a12-11-16 $be 
209A/01 $a/ $f000 $x00 
220C/01 $aAnmerkung: *ng 
237A/01 $aweiterführende Signatur(en):  10.6003 
244Z/01 $#Tschechien $#Tschechische Republik $#Tschechien $#Tschechische Republik $#Tschechenland $#Tschechei Tschechien $#Česká Republika $#Czech Republic $#ČR $74303381-7 $8--Tg1--Tschechien $x01 $9086659812 
244Z/01 $2Trx $#Böhmen $#Bohemia $#Czechy $8--Trx--Čechy $x02 $9391188941 
244Z/01 $2Trx $#dzieło zbiorowe $8--Trx--Sammelwerk $x03 $9391384597 
245Z/01 $a11.04 $x01 
247C/01 $82080>Marburg/Lahn, Herder-Institut, Forschungsbibliothek, Bibliographieportal $9336309341
LEADER 00000cam a22000002c 4500
001 228146534
003 DE-603
005 20260318191147.0
007 tu
008 101021s2010 xx |||| | u00||u|ger
015 |a 10,B42  |2 dnb 
016 7 |2 DE-101  |a 100688128X 
020 |a 9783925628559  |c kart. 
035 |a (DE-599)DNB100688128X 
035 |a (OCoLC)671373310 
040 |a DE-603  |b ger  |c DE-603  |d DE-603 
041 |a ger  |a cze 
082 0 4 |8 1\u  |a 491.8683431  |q DE-101  |2 22/ger 
083 0 |8 2\u  |a 370.943  |q DE-101  |2 23/BSB 
083 0 |8 3\u  |a 400  |q DE-101  |2 23/BSB 
084 |a 490  |q DE-101  |2 sdnb 
085 |8 1\u  |b 491.86 
085 |8 1\u  |z 4  |s 834 
085 |8 1\u  |z 6  |s 31 
085 |8 2\u  |b 370.9 
085 |8 2\u  |z 2  |s 43 
085 |8 2\u  |z 2  |s 437 
085 |8 3\u  |b 400 
085 |8 3\u  |z 2  |s 43 
085 |8 3\u  |z 2  |s 437 
090 |a b 
245 0 0 |a Do kapsy  |b malý česko-německý jazykový průvodce pro setkání mládeže = Für die Hosentasche : ein kleiner deutsch-tschechischer Sprachführer für Jugendbegegnungen  |c Tandem, Koordinierungszentrum Deutsch-Tschechischer Jugendaustausch. [Autor/-innen Hansjürgen Karl ; Kateřina Karl-Brejchová] 
246 1 3 |a Für die Hosentasche 
250 |a 10., völlig überarb. Aufl. 
264 1 |a Regensburg  |b Tandem  |c [2010] 
300 |a 154 S.  |b Ill., graph. Darst., Kt.  |c 15 cm 
650 7 |a Tschechisch  |0 (DE-588)4061084-6  |0 (DE-603)085169617  |2 gnd 
650 7 |a Fremdsprache  |0 (DE-588)4018424-9  |0 (DE-603)085043575  |2 gnd 
650 7 |a Tschechen  |0 (DE-588)4061083-4  |0 (DE-603)085169609  |2 gnd 
650 7 |a Deutsch  |0 (DE-588)4113292-0  |0 (DE-603)085334081  |2 gnd 
655 7 |a Sprachführer  |2 gnd-content  |0 (DE-588)4130010-5  |0 (DE-603)085458066 
700 1 |a Karl, Hansjürgen  |0 (DE-603)159373611 
710 2 |a Koordinierungszentrum Deutsch-Tschechischer Jugendaustausch  |0 (DE-603)094104689  |0 (DE-588)10010653-5  |2 gnd 
856 4 2 |m V:DE-603;B:DE-Mb50  |q application/pdf  |u http://scans.hebis.de/HEBCGI/show.pl?22814653_toc.pdf  |3 Inhaltsverzeichnis 
924 0 |9 Mb 50  |a (DE-603)599948760  |b DE-Mb50  |c HES  |d c  |g 10.6003 
924 0 |9 2080  |a (DE-603)793024528  |b DE-2080  |c HES  |d d  |g /